When is a bond binding? (Record no. 67317)

MARC details
000 -LEADER
fixed length control field 01053cam a2200253 4500
001 - CONTROL NUMBER
control field ABS64087
008 - FIXED-LENGTH DATA ELEMENTS--GENERAL INFORMATION
fixed length control field 000000n2001 000 0 eng u
035 ## - SYSTEM CONTROL NUMBER
System control number (Sirsi) u113079
100 ## - MAIN ENTRY--PERSONAL NAME
Personal name Atkinson, D.
245 ## - TITLE STATEMENT
Title When is a bond binding?
260 ## - PUBLICATION, DISTRIBUTION, ETC.
Date of publication, distribution, etc. 2001
490 ## - SERIES STATEMENT
Series statement Construction News
Volume/sequential designation (6719) 7 June 2001, 34(1)
520 ## - SUMMARY, ETC.
Summary, etc. Examines the courts' attitude towards the contractual force of security bonds inserted in construction contracts for the purposes of security in the event of non-performance, delay or some other contractual default, especially where there is an attempt to exercise one's rights in relation to the bond where arbitration proceedings are already underway.
590 ## - LOCAL NOTE (RLIN)
Local note ABS
650 ## - SUBJECT ADDED ENTRY--TOPICAL TERM
Topical term or geographic name entry element BONDS
650 ## - SUBJECT ADDED ENTRY--TOPICAL TERM
Topical term or geographic name entry element ARBITRATION PROCEEDINGS
650 ## - SUBJECT ADDED ENTRY--TOPICAL TERM
Topical term or geographic name entry element LIQUIDATED DAMAGES
650 ## - SUBJECT ADDED ENTRY--TOPICAL TERM
Topical term or geographic name entry element EXTENSIONS OF TIME
650 ## - SUBJECT ADDED ENTRY--TOPICAL TERM
Topical term or geographic name entry element LATE COMPLETION
650 ## - SUBJECT ADDED ENTRY--TOPICAL TERM
Topical term or geographic name entry element DEFECTS CORRECTION CERTIFICATE
650 ## - SUBJECT ADDED ENTRY--TOPICAL TERM
Topical term or geographic name entry element ALSTOM COMBINED CYCLES LTD V AEGON INSURANCE CO
690 ## - LOCAL SUBJECT ADDED ENTRY--TOPICAL TERM (OCLC, RLIN)
Topical term or geographic name as entry element BUILT ENVIRONMENT-BUILDING CONTRACT FORMS
942 ## - ADDED ENTRY ELEMENTS (KOHA)
Suppress in OPAC 0
Holdings
Withdrawn status Lost status Source of classification or shelving scheme Damaged status Not for loan Home library Current library Shelving location Date acquired Total Checkouts Full call number Barcode Date last seen Copy number Price effective from Koha item type
    Dewey Decimal Classification     London London Journal article 13/06/2001   ABS64087 113079-1001 06/08/2019 1 06/08/2019 Journal article